000 00604nam a22002297a 4500
001 35976
003 BD-RjUL
005 20211209052419.0
008 160725s1963 bg ||||| |||| 00| 0 eng d
020 _c: PRs. 12.50
035 _a(BD-RjUL)36073
040 _aBD-RjUL
_beng
_cBD-RjUL
041 _aeng
082 0 4 _219
_a336.24
_bNUI 1963
100 1 _aNurunnobi, M.
_9109518
245 1 0 _aIncome-tax :
_blaw & practice /
_cM. Nurunnobi.
250 _a2nd ed.
260 _aRajshahi :
_bMd. anesh Ali Mia,
_c1963.
300 _aii, 452 p. ;
_c21 cm.
650 0 _aIncome tax
_9109519
942 _2ddc
_cBK
999 _c35976
_d35976